000
00487nam a2200181Ia 4500
008
100917s9999 xx 000 0 und d
082
_b
57517
100
_a
मंगेशकर गीता
245
_a
अलंकार
260
_b
प्रिया प्रकाशन
_c
1983
300
_a
231
365
_b
38
520
_a
कादंबरी
630
_a
अलंकार
650
_a
कादंबरी
730
_a
अलंकार
942
_c
BOOK
999
_c
662911
_d
662908